Statistics for La Liga top scorers of 2010s

Click here to take the quiz!

General Stats

  • This quiz has been taken 119 times
  • The average score is 20 of 50

Answer Stats

NationalityAnswerGoals% Correct
ArgentinaLeo Messi379
100%
PortugalCristiano Ronaldo311
99%
FranceKarim Benzema160
98%
UruguayLuis Suarez141
97%
WalesGareth Bale80
96%
FranceAntoine Griezman141
94%
SpainDavid Villa67
85%
BrasilNeymar68
84%
SpainDiego Costa67
74%
SpainPedro58
72%
ArgentinaGonzalo Higuain75
68%
ColombiaRadamel Falcao52
65%
SpainSergio Ramos44
64%
SpainAlvaro Morata37
60%
CroatiaIvan Rakitic49
58%
SpainIago Aspas96
53%
SpainIsco49
53%
SpainArits Aduriz125
42%
SpainGerard Moreno59
40%
FranceKevin Gameiro68
36%
SpainRoberto Soldado86
34%
SpainAlvaro Negredo80
33%
ColombiaCarlos Bacca56
33%
MexicoCarlos Vela66
33%
FranceWissam Ben Yedder39
33%
SpainFernando Llorente57
31%
UruguayMaxi Gomez39
26%
SpainPaco Alcacer43
26%
ItalyGiuseppe Rossi41
23%
SpainDaniel Parejo61
22%
SpainRaul Garcia73
22%
SpainSergio Garcia45
22%
UruguayCristhian Stuani82
20%
ChileAlexis39
18%
SpainMikel Oyarzabal40
18%
BrasilWillian Jose55
17%
SpainNolito49
13%
MaroccoYoussef El-Arabi44
12%
SpainAdrian Lopez38
11%
SpainIker Muniain44
11%
SpainLucas Perez40
11%
SpainRuben Castro77
11%
SpainJorge Molina53
7%
SpainSanti Mina40
6%
SpainXabi Prieto38
5%
BrasilCharles53
3%
SpainImanol Agirretxe54
3%
SpainJuanmi42
3%
ArgentinaPablo Piatti42
3%
SpainJavi Guerra40
0%

Score Distribution

Percentile by Number Answered

Percent of People with Each Score

Your Score History

You have not taken this quiz